Normal view
MARC view
- ISLAM-AMSAAL-E-IBRAT
Entry Topical Term
001 - CONTROL NUMBER
- control field: 78767
003 - CONTROL NUMBER IDENTIFIER
- control field: NUST
005 - DATE AND TIME OF LATEST TRANSACTION
- control field: 20210628210246.0
008 - FIXED-LENGTH DATA ELEMENTS
- fixed length control field: 210628|| aca||aabn | a|a d
040 ## - CATALOGING SOURCE
- Original cataloging agency: NUST
- Transcribing agency: NUST
150 ## - HEADING--TOPICAL TERM
- Topical term or geographic name entry element: ISLAM-AMSAAL-E-IBRAT
670 ## - SOURCE DATA FOUND
- Source citation: Work cat.: (NUST): Ashraf Ali Thanvi Muhammad Ashraf Ali Thanvi 78766, Amsaal-e-ibrat, 1999
